02711nam a22002297a 450000500170000000800410001702000180005804000070007604100080008308200180009110000280010924500410013726000420017830000240022036501000024452020070034465000350235165000290238665000240241570000220243970000200246120260406094633.0260406b |||||||| |||| 00| 0 eng d a9781305120747 cAL aeng a621.392bROTD aCharles Roth and others aDigital systems design using verilog aUnited StatesbCengage Learningc2016 ax,582pbPBc23x20cm 2Electronics and Communication EngineeringaVBI-2645b₹746.25c₹d₹995.00e25%f20-02-2026 aDigital Systems Design Using VERILOG integrates coverage of logic design principles, Verilog as a hardware design language and FPGA implementation to help electrical and computer engineering students master designing and testing hardware configurations. This practical resource presents Verilog constructs side-by-side with hardware, encouraging students to think in terms of desired hardware while writing synthesizable Verilog. After a review of the basic concepts of logic design, the authors introduce the basics of Verilog with simple combinational circuit examples, followed by models for simple sequential circuits. Subsequent chapters ask readers to tackle increasingly complex designs. Features: • The first chapter presents a summary of the fundamentals of digital design to refresh readers' knowledge and prepare them for the rest of the book. • A wide range of important digital design concepts, including Algorithmic State Machine (ASM) charts, micro-programming, one-hot design, design for synthesis, testing, etc., are covered. • Many digital system design examples, ranging in complexity from a simple binary adder to a microprocessor, help readers learn design skills. • Steps in the design flow are clearly illustrated and explained. • Two chapters (Chapters 3 and 6) treat the basics of all programmable logic devices and provide details of synthesis, mapping and routing to FPGAs. • Materials are presented generically, rather than attached to a specific vendor or product family. • The authors help students develop the design skill of putting together bigger designs from smaller pieces. • A unique chapter on testing presents information on Built In Self-Test (BIST), Boundary Scan testing and LFSRs. • Includes Mind tap which is an interactive, customizable and complete learning solution. It includes a MindTap Reader and a library of learning apps (e.g., CNOW, Aplia, ReadSpeaker, Merriam-Webster dictionary, MyContent, RSS Feed, Kaltura, Progress app, etc.) aSM charts and Microprogramming aProgrammable Gate Arrays aRISC Microprocessor aJohn, Lizy Kurian aLee, Byeong Kil